Sanat - "Peggy" - Samula Edelmann - Statistics

Yleistilastot
  • Tätä visaa on pelattu 195 kertaa
  • Keskiarvotulos 103 / 141
Vastaustilastot
Sanat % Oikein
98%
viini
98%
Monta
95%
on
95%
oo
95%
Oo,
95%
I
94%
juonu
94%
Oon
94%
oon
94%
pitkää
94%
Wienissä
94%
Peggy
91%
viinii
91%
kylmää
90%
syy
90%
vain
89%
Peggyssä
86%
Niiden
82%
juomiseenkin
78%
Lyypekissä
78%
juonut
73%
Maistui
66%
katkeralta
62%
vieraitten
61%
laimealta
60%
love
60%
you,
60%
ei
49%
Liian
48%
kaljojen
45%
kun
44%
kuohut
44%
Eurooppaan
43%
miehen
40%
sauna-
40%
Minä
39%
ne
39%
siltä,
39%
Euroopasta,
38%
rekkaa
38%
kuskaan
37%
tuntui
37%
että
36%
miltä
36%
nimittäin
36%
päin
36%
muut
35%
Pohjolasta
34%
Tunnu
34%
vasta;
34%
Integroidun
32%
Peggyn
31%
Kainalossa
29%
sain
28%
Hampurissa
25%
Saksan
24%
lohtuu
22%
oo-oo,
22%
pientä
22%
Tulet
18%
tunnetuskaan
17%
kaipuutain
16%
ulvoin
15%
Vuokraseslonkissa
11%
Ehtoja vastaavia visoja ei löytynyt
Tulosjakauma
Jokaisen tuloksen saaneiden osuus
Persentiili vastausten määrän mukaan
Tuloshistoriasi
Et ole pelannut tätä visaa